Andre verdenskrig - Statistics

General Stats
  • This quiz has been taken 726 times
    512 since last reset
  • The average score is 11 of 19
Answer Stats
Hint Answer % Correct
7. desember 1941 kom USA med i krigen pga. det japanske angrepet på marinebasen på Hawaii kalt Pearl Harbor
78%
Det man kaller alliansen til Tyskland under krigen Aksemaktene
76%
Ordet som brukes om jødeutryddelsen Holocaust
73%
"De tre store" - Lederen av Sovjetunionen (USSR) Josef Stalin
72%
"De tre store" - Statsministeren av Storbritannia (UK) Winston Churchill
68%
Krigen mellom USSR og Finland fra nov. 1939 til mars 1940 Vinterkrigen
67%
Krigen mot Japan endte ikke før atombombene falt over disse to byene Hiroshima og Nagasaki
65%
Dato for invasjonen av Danmark og Norge 9. april 1940
62%
Hvilken internasjonal organisasjon ble opprettet etter krigen for å sikre fred FN (De Forente Nasjoner)
62%
Den dødsleiren der flest mennesker ble drept, over en million jøder og andre Auschwitz
61%
"De tre store" - Presidenten av USA Franklin D. Roosevelt
59%
Nazi-organisasjonen som var hovedansvarlig for jødeutryddelsen SS (Schutzstaffel)
58%
Operasjon Barbarossa i juni 1941, verdens største invasjon, var den tyske invasjonen av... Sovjetunionen
55%
Landgangen til de vestallierte i Normandie, nordlige Frankrike, 6. juni 1944 D-dagen
52%
Det blodigste slaget under hele krigen Stalingrad
50%
Datoen man feirer i Norge som frigjøringsdagen, da krigen formelt var over 8. mai 1945
48%
Dato for den tyske invasjonen av Polen, og startskuddet for WWII 1. september 1939
45%
Rettsakene for fangede nazister og tyske militære ledere etter krigen Nürnberg-prosessen
36%
Antall døde i andre verdenskrig (høyt estimat) 80 millioner
19%
No matching quizzes found
Score Distribution
Percent of People with Each Score
Percentile by Number Answered
Your Score History
You have not taken this quiz since the last reset